Botany : (Record no. 16041)
[ view plain ]
| 000 -LEADER | |
|---|---|
| fixed length control field | 00752cam a22002412 4500 |
| 003 - CONTROL NUMBER IDENTIFIER | |
| control field | UkOxU |
| 005 - DATE AND TIME OF LATEST TRANSACTION | |
| control field | 20210412121829.0 |
| 008 - FIXED-LENGTH DATA ELEMENTS--GENERAL INFORMATION | |
| fixed length control field | 720526s1972 caua 001 0 eng |
| 020 ## - INTERNATIONAL STANDARD BOOK NUMBER | |
| International Standard Book Number | 0534000924 |
| 035 ## - SYSTEM CONTROL NUMBER | |
| System control number | OCLC ocm00328843 from D970918M |
| 040 ## - CATALOGING SOURCE | |
| Transcribing agency | DDC |
| 050 00 - LIBRARY OF CONGRESS CALL NUMBER | |
| Classification number | QK47 |
| Item number | .J45 |
| 082 00 - DEWEY DECIMAL CLASSIFICATION NUMBER | |
| Classification number | 581.5 |
| 100 1# - MAIN ENTRY--PERSONAL NAME | |
| Personal name | Jensen, William A. |
| Fuller form of name | (William August), |
| Dates associated with a name | 1927-2014. |
| 245 10 - TITLE STATEMENT | |
| Title | Botany : |
| Remainder of title | an ecological approach / |
| Statement of responsibility, etc. | William A. Jensen [and] Frank B. Salisbury. |
| 260 ## - PUBLICATION, DISTRIBUTION, ETC. (IMPRINT) | |
| Place of publication, distribution, etc. | Belmont, Calif. : |
| Name of publisher, distributor, etc. | Wadsworth Pub. Co., |
| Date of publication, distribution, etc. | 1972. |
| 300 ## - PHYSICAL DESCRIPTION | |
| Extent | xi, 748 p. : |
| Other physical details | ill. ; |
| Dimensions | 26 cm. |
| 500 ## - GENERAL NOTE | |
| General note | Includes index. |
| 650 #0 - SUBJECT ADDED ENTRY--TOPICAL TERM | |
| Topical term or geographic name as entry element | Botany. |
| 650 #0 - SUBJECT ADDED ENTRY--TOPICAL TERM | |
| Topical term or geographic name as entry element | Plant ecology. |
| 700 1# - ADDED ENTRY--PERSONAL NAME | |
| Personal name | Salisbury, Frank B. |
| 942 ## - ADDED ENTRY ELEMENTS (KOHA) | |
| Source of classification or shelving scheme | Dewey Decimal Classification |
| Koha item type | Circ Books |
| Withdrawn status | Lost status | Source of classification or shelving scheme | Damaged status | Not for loan | Home library | Current library | Date acquired | Total Checkouts | Full call number | Barcode | Date last seen | Price effective from | Koha item type |
|---|---|---|---|---|---|---|---|---|---|---|---|---|---|
| Withdrawn | Dewey Decimal Classification | Wesley Powell Learning Resource Centre | Wesley Powell Learning Resource Centre | 04/12/2021 | 581.5/ JEN | 7424 | 04/12/2021 | 04/12/2021 | Circ Books |